000 00508nam a22001937a 4500
001 TVUNI
005 20260126014632.0
008 221102s2008 vm vie d
020 _c95000
040 _aTVUNI
_eAACR2
041 0 _avie
100 1 _aNgô, Thế Chi
245 1 0 _aGiáo trình kế toán tài chính /
_cNgô Thế Chi
250 _aTái bản lần thứ hai
260 _aHà Nội :
_bTài Chính,
_c2008
300 _a710 tr. ;
_c24 cm.
942 _2ddc
_cBK
999 _c1984
_d1984
912 _a1
_bHiển Phạm